书目信息 |
| 题名: |
城市污水厂处理设施设计计算
|
|
| 作者: | 刘振江, , 崔玉川, 主编 | |
| 分册: | ||
| 出版信息: | 北京 化学工业出版社 2018 |
|
| 页数: | 364页 | |
| 开本: | 26cm | |
| 丛书名: | ||
| 单 册: | ||
| 中图分类: | X799.303.3 | |
| 科图分类: | ||
| 主题词: | 城市污水--cheng shi wu shui--污水处理厂--水处理设施--设计计算 | |
| 电子资源: | ||
| ISBN: | 978-7-122-30621-0 | |
| 000 | 02057nam0 2200313 450 | |
| 001 | 012001003085 | |
| 005 | 20191204104610.56 | |
| 010 | @a978-7-122-30621-0@dCNY78.00 | |
| 099 | @aCAL 012018009335 | |
| 100 | @a20180104d2018 em y0chiy50 ea | |
| 101 | 0 | @achi |
| 102 | @aCN@b110000 | |
| 105 | @aak a 000yy | |
| 106 | @ar | |
| 200 | 1 | @a城市污水厂处理设施设计计算@Acheng shi wu shui chang chu li she shi she ji ji suan@f刘振江, 崔玉川主编 |
| 205 | @a第3版 | |
| 210 | @a北京@c化学工业出版社@d2018 | |
| 215 | @a364页@c图@d26cm | |
| 314 | @a刘振江 (1957-),1981年底毕业于太原理工大学给水排水专业,现任山西省城乡规划设计研究院副总工程师,教授级高级工程师,获得省优秀工程设计奖等,2003年获山西省建设行业“青年科技奖”,主持编辑了《山西省村镇住宅通用图集》;与崔玉川教授合作编写了《城市污水厂处理设施设计计算》 (一版、二版)等书。 | |
| 314 | @a崔玉川 (1934-),教授,曾任太原理工大学原环境与市政工程系主任、全国高等院校给水排水工程学科专业指导委员会委员等。享受政府特殊津贴。2000年被建设部科技司及全国给排水学会确认为“中国水工业有影响的专家学者”。荣获2017年度中国老科技工作者协会奖。出版专业著作: 《净水厂设计知识》、《低压锅炉水处理基本知识》、《水处理工艺设计计算》等。 | |
| 320 | @a有书目 (第363-364页) | |
| 330 | @a本书主要通过工程性设计计算例题的形式,具体介绍城镇污水处理厂常规处理和三级处理工艺中主要处理构筑物的设计计算内容、方法和要求。全书共14章,工程性计算例题117个。例题内容包括计量设施、调节池、配水井、格栅、沉砂池、初沉池、二沉池、强化一级处理设施、好氧活性污泥法处理设施、生物膜法处理设施、自然净化设施、消毒设施、污泥处理设施、除臭设施、三级处理设施等单元处理设施的设计计算,污水厂全流程系统的竖向水力计算和布置,以及城镇污水回用深度处理工程案例。 | |
| 333 | @a本书可供给水排水工程、环境工程等专业的工程技术人员和大专院校师生使用参考。 | |
| 606 | 0 | @a城市污水@Acheng shi wu shui@x污水处理厂@x水处理设施@x设计计算 |
| 690 | @aX799.303.3@v5 | |
| 701 | 0 | @a刘振江,@Aliu zhen jiang@f1957-@4主编 |
| 701 | 0 | @a崔玉川,@Acui yu chuan@f1934-@4主编 |
| 801 | 2 | @aCN@b北京卓展@c20191020 |
| 905 | @b1210331-4@dX799.303.3@e289=3@f4 | |
| 城市污水厂处理设施设计计算/刘振江, 崔玉川主编.-第3版.-北京:化学工业出版社,2018 |
| 364页:图;26cm |
| 使用对象:本书可供给水排水工程、环境工程等专业的工程技术人员和大专院校师生使用参考。 |
| ISBN 978-7-122-30621-0:CNY78.00 |
| 本书主要通过工程性设计计算例题的形式,具体介绍城镇污水处理厂常规处理和三级处理工艺中主要处理构筑物的设计计算内容、方法和要求。全书共14章,工程性计算例题117个。例题内容包括计量设施、调节池、配水井、格栅、沉砂池、初沉池、二沉池、强化一级处理设施、好氧活性污泥法处理设施、生物膜法处理设施、自然净化设施、消毒设施、污泥处理设施、除臭设施、三级处理设施等单元处理设施的设计计算,污水厂全流程系统的竖向水力计算和布置,以及城镇污水回用深度处理工程案例。 |
| ● |
| 相关链接 |
|
|
|
|
正题名:城市污水厂处理设施设计计算
索取号:X799.303.3/289=3
 
预约/预借
| 序号 | 登录号 | 条形码 | 馆藏地/架位号 | 状态 | 备注 |
| 1 | 1210331 | 212103310 | 第二样本阅览室/ [索取号:X799.303.3/289=3] | 在馆 | |
| 2 | 1210332 | 212103329 | 第三借阅区/ [索取号:X799.303.3/289=3] | 在馆 | |
| 3 | 1210333 | 212103338 | 第三借阅区/ [索取号:X799.303.3/289=3] | 在馆 | |
| 4 | 1210334 | 212103347 | 第三借阅区/ [索取号:X799.303.3/289=3] | 在馆 |